[Event "Ekstraliga 2019"]
[Site "Katowice"]
[Date "2019.09.04"]
[Round "8.5"]
[White "Plat, Vojtech"]
[Black "Gazik, Viktor"]
[Result "1/2-1/2"]
[BlackElo "2537"]
[WhiteElo "2561"]
[WhiteTeam "Wieza Pegow"]
[BlackTeam "Wasko HETMAN GKS Katowice"]
[LiveChessVersion "1.4.8"]

1. d4 {[%clk 1:30:56]} Nf6 {[%clk 1:30:50]} 2. Nf3 {[%clk 1:31:22]} g6
{[%clk 1:27:12]} 3. Nc3 {[%clk 1:31:27]} d5 {[%clk 1:22:20]} 4. Bf4
{[%clk 1:31:52]} Bg7 {[%clk 1:19:44]} 5. e3 {[%clk 1:30:14]} O-O {[%clk 1:15:35]}
6. h3 {[%clk 1:28:05]} c5 {[%clk 1:12:52]} 7. dxc5 {[%clk 1:27:30]} Nbd7
{[%clk 1:00:10]} 8. Nb5 {[%clk 1:16:32]} Nxc5 {[%clk 0:56:39]} 9. Bc7
{[%clk 1:16:25]} Qd7 {[%clk 0:51:02]} 10. Be5 {[%clk 1:13:47]} a6
{[%clk 0:48:08]} 11. Nc3 {[%clk 1:12:53]} Rd8 {[%clk 0:43:09]} 12. Qd4
{[%clk 1:12:08]} Qc6 {[%clk 0:39:39]} 13. O-O-O {[%clk 1:08:51]} Bf5
{[%clk 0:36:57]} 14. Qh4 {[%clk 1:01:31]} Qb6 {[%clk 0:29:04]} 15. Nd4
{[%clk 0:51:15]} Be6 {[%clk 0:27:48]} 16. g4 {[%clk 0:42:50]} Ncd7
{[%clk 0:25:48]} 17. Nxe6 {[%clk 0:39:56]} Qxe6 {[%clk 0:25:05]} 18. Bd4
{[%clk 0:40:02]} Rac8 {[%clk 0:23:07]} 19. Bg2 {[%clk 0:31:47]} Nb6
{[%clk 0:10:40]} 20. g5 {[%clk 0:30:49]} Ne8 {[%clk 0:11:08]} 21. Bf3
{[%clk 0:29:45]} Qc6 {[%clk 0:07:30]} 22. Bxg7 {[%clk 0:29:19]} Nxg7
{[%clk 0:07:57]} 23. Qb4 {[%clk 0:28:49]} Qc5 {[%clk 0:05:36]} 24. Qxc5
{[%clk 0:28:52]} Rxc5 {[%clk 0:06:04]} 25. h4 {[%clk 0:28:47]} Rd7
{[%clk 0:02:18]} 26. Rd4 {[%clk 0:26:29]} a5 {[%clk 0:00:37]} 27. Na4
{[%clk 0:22:11]} Nxa4 {[%clk 0:00:58]} 28. Rxa4 {[%clk 0:22:40]} Rdc7
{[%clk 0:00:32]} 29. c3 {[%clk 0:22:55]} b6 {[%clk 0:00:32]} 30. Rd1
{[%clk 0:23:15]} e6 {[%clk 0:00:39]} 31. e4 {[%clk 0:23:17]} Rd7 {[%clk 0:01:06]}
32. Rad4 {[%clk 0:23:00]} Kf8 {[%clk 0:01:12]} 33. Kc2 {[%clk 0:22:54]} Ke7
{[%clk 0:01:18]} 34. a3 {[%clk 0:21:07]} Rd6 {[%clk 0:00:35]} 35. b4
{[%clk 0:20:46]} axb4 {[%clk 0:01:03]} 36. axb4 {[%clk 0:21:13]} Rc4
{[%clk 0:00:32]} 37. Rxc4 {[%clk 0:21:28]} dxc4 {[%clk 0:01:00]} 38. Ra1
{[%clk 0:21:53]} b5 {[%clk 0:00:43]} 39. e5 {[%clk 0:21:35]} Rb6 {[%clk 0:01:02]}
40. Ra7+ {[%clk 0:51:49]} Ke8 {[%clk 0:31:04]} 41. Ra8+ {[%clk 0:50:39]} Ke7
{[%clk 0:21:59]} 42. Rh8 {[%clk 0:50:52]} Nf5 {[%clk 0:19:09]} 43. h5
{[%clk 0:48:41]} Nh4 {[%clk 0:16:09]} 44. Rxh7 {[%clk 0:46:11]} Nxf3
{[%clk 0:13:59]} 45. hxg6 {[%clk 0:46:27]} Nxg5 {[%clk 0:13:19]} 46. g7
{[%clk 0:46:48]} Nxh7 {[%clk 0:13:40]} 47. g8=Q {[%clk 0:47:13]} Nf8
{[%clk 0:14:05]} 48. f4 {[%clk 0:46:32]} Rb8 {[%clk 0:12:28]} 49. Qg1
{[%clk 0:46:44]} Nd7 {[%clk 0:12:50]} 50. Qa7 {[%clk 0:46:29]} Kd8
{[%clk 0:12:52]} 51. Kd2 {[%clk 0:46:41]} Rb6 {[%clk 0:12:59]} 52. Ke3
{[%clk 0:46:58]} Rb8 {[%clk 0:13:21]} 53. Kf3 {[%clk 0:47:03]} Rb6
{[%clk 0:07:36]} 54. Kg3 {[%clk 0:46:43]} Rb8 {[%clk 0:06:21]} 55. Kh4
{[%clk 0:45:11]} Ke7 {[%clk 0:04:23]} 56. Qc7 {[%clk 0:45:32]} Rh8+
{[%clk 0:03:34]} 57. Kg3 {[%clk 0:45:52]} Rg8+ {[%clk 0:03:53]} 58. Kf3
{[%clk 0:46:20]} Rb8 {[%clk 0:04:12]} 59. Qd6+ {[%clk 0:46:41]} Kd8
{[%clk 0:04:26]} 60. Qa6 {[%clk 0:44:34]} Rb6 {[%clk 0:04:24]} 61. Qa5
{[%clk 0:43:45]} Ke7 {[%clk 0:04:49]} 62. Qa7 {[%clk 0:44:08]} Kd8
{[%clk 0:04:48]} 63. Kg4 {[%clk 0:44:16]} Rb8 {[%clk 0:02:48]} 64. Qa6
{[%clk 0:44:22]} Rb6 {[%clk 0:03:06]} 65. Qa1 {[%clk 0:38:29]} Ke7
{[%clk 0:02:48]} 66. Qd1 {[%clk 0:38:54]} Ra6 {[%clk 0:02:10]} 67. Kg5
{[%clk 0:39:10]} f6+ {[%clk 0:01:02]} 68. exf6+ {[%clk 0:39:04]} Nxf6
{[%clk 0:01:31]} 69. Qh1 {[%clk 0:37:31]} Rd6 {[%clk 0:01:23]} 70. Kg6
{[%clk 0:33:20]} Rd5 {[%clk 0:00:33]} 71. Qh8 {[%clk 0:27:12]} Nd7
{[%clk 0:00:54]} 72. Qh4+ {[%clk 0:25:36]} Kd6 {[%clk 0:01:02]} 73. Qd8
{[%clk 0:22:48]} Rf5 {[%clk 0:01:06]} 74. Qa8 {[%clk 0:21:56]} Ke7
{[%clk 0:01:23]} 75. Qb7 {[%clk 0:21:05]} 1/2-1/2

[Event "Ekstraliga 2019"]
[Site "Katowice"]
[Date "2019.09.04"]
[Round "8.6"]
[White "Socko, Monika"]
[Black "Majdan, Joanna"]
[Result "1/2-1/2"]
[BlackElo "2368"]
[WhiteElo "2436"]
[WhiteTeam "Wasko HETMAN GKS Katowice"]
[BlackTeam "Wieza Pegow"]
[LiveChessVersion "1.4.8"]

1. d4 {[%clk 1:30:59]} g6 {[%clk 1:30:52]} 2. c4 {[%clk 1:31:17]} Bg7
{[%clk 1:31:17]} 3. e4 {[%clk 1:31:42]} c5 {[%clk 1:28:41]} 4. d5
{[%clk 1:31:11]} d6 {[%clk 1:29:05]} 5. Nc3 {[%clk 1:28:39]} a6 {[%clk 1:26:20]}
6. Bd3 {[%clk 1:25:54]} e6 {[%clk 1:26:28]} 7. Nge2 {[%clk 1:24:03]} Ne7
{[%clk 1:25:35]} 8. a4 {[%clk 1:21:46]} O-O {[%clk 1:23:41]} 9. O-O
{[%clk 1:20:39]} Nd7 {[%clk 1:20:56]} 10. f4 {[%clk 1:12:07]} exd5
{[%clk 1:21:09]} 11. cxd5 {[%clk 1:11:37]} f5 {[%clk 1:18:46]} 12. Ng3
{[%clk 1:05:23]} fxe4 {[%clk 1:09:32]} 13. Ncxe4 {[%clk 1:00:08]} Nf6
{[%clk 1:07:36]} 14. Nxf6+ {[%clk 0:57:19]} Bxf6 {[%clk 1:07:38]} 15. Kh1
{[%clk 0:56:36]} Bg7 {[%clk 1:03:00]} 16. Ra3 {[%clk 0:50:59]} Kh8
{[%clk 0:56:57]} 17. Be4 {[%clk 0:42:21]} Bd7 {[%clk 0:54:08]} 18. Qc2
{[%clk 0:38:14]} b5 {[%clk 0:50:12]} 19. axb5 {[%clk 0:30:48]} axb5
{[%clk 0:50:34]} 20. b3 {[%clk 0:22:03]} Rxa3 {[%clk 0:50:03]} 21. Bxa3
{[%clk 0:22:32]} Nf5 {[%clk 0:50:17]} 22. Bb2 {[%clk 0:17:01]} Qe7
{[%clk 0:47:12]} 23. Bxf5 {[%clk 0:14:34]} Bxf5 {[%clk 0:47:21]} 24. Bxg7+
{[%clk 0:13:38]} Qxg7 {[%clk 0:47:35]} 25. Qd2 {[%clk 0:14:03]} b4
{[%clk 0:47:20]} 26. Nxf5 {[%clk 0:08:45]} Rxf5 {[%clk 0:47:29]} 27. g4
{[%clk 0:09:09]} Rf8 {[%clk 0:44:29]} 28. Qe3 {[%clk 0:08:40]} Qc3
{[%clk 0:40:31]} 29. Qe7 {[%clk 0:07:16]} Rxf4 {[%clk 0:39:37]} 30. Qe8+
{[%clk 0:06:19]} Kg7 {[%clk 0:40:03]} 31. Qe7+ {[%clk 0:06:45]} Kh8
{[%clk 0:40:29]} 32. Qe8+ {[%clk 0:06:01]} Kg7 {[%clk 0:40:56]} 33. Qe7+
{[%clk 0:06:15]} Kh8 {[%clk 0:41:16]} 34. Qe8+ {[%clk 0:04:33]} 1/2-1/2

[Event "Ekstraliga 2019"]
[Site "Katowice"]
[Date "2019.09.04"]
[Round "8.7"]
[White "Huschenbeth, Niclas"]
[Black "Harikrishna, Pentala"]
[Result "0-1"]
[BlackElo "2738"]
[WhiteElo "2620"]
[WhiteTeam "KSz Silesia Raciborz"]
[BlackTeam "VOTUM SA Polonia Wroclaw"]
[LiveChessVersion "1.4.8"]

1. e4 {[%clk 1:30:57]} e5 {[%clk 1:30:54]} 2. Nf3 {[%clk 1:31:22]} Nc6
{[%clk 1:31:20]} 3. Bb5 {[%clk 1:31:47]} a6 {[%clk 1:31:44]} 4. Ba4
{[%clk 1:32:13]} Nf6 {[%clk 1:32:09]} 5. O-O {[%clk 1:32:37]} Be7
{[%clk 1:32:35]} 6. Re1 {[%clk 1:32:59]} b5 {[%clk 1:33:00]} 7. Bb3
{[%clk 1:33:25]} O-O {[%clk 1:33:18]} 8. a4 {[%clk 1:33:49]} b4 {[%clk 1:33:44]}
9. a5 {[%clk 1:34:10]} d6 {[%clk 1:33:26]} 10. c3 {[%clk 1:34:34]} Rb8
{[%clk 1:32:38]} 11. Bc4 {[%clk 1:34:58]} h6 {[%clk 1:27:34]} 12. h3
{[%clk 1:35:17]} Nxe4 {[%clk 1:26:56]} 13. Bd5 {[%clk 1:35:26]} Nxf2
{[%clk 1:27:20]} 14. Kxf2 {[%clk 1:35:35]} Nxa5 {[%clk 1:27:47]} 15. cxb4
{[%clk 1:35:39]} c6 {[%clk 1:25:24]} 16. Ba2 {[%clk 1:35:49]} Rxb4
{[%clk 1:25:37]} 17. d3 {[%clk 1:33:33]} Bh4+ {[%clk 1:16:09]} 18. g3
{[%clk 1:31:41]} Bf6 {[%clk 1:16:25]} 19. Kg2 {[%clk 1:22:03]} Re8
{[%clk 1:13:03]} 20. Re4 {[%clk 0:54:52]} Rb8 {[%clk 1:10:37]} 21. Ra4
{[%clk 0:50:19]} Nb7 {[%clk 1:05:28]} 22. Be3 {[%clk 0:49:06]} d5
{[%clk 1:02:09]} 23. Nbd2 {[%clk 0:38:33]} Nd6 {[%clk 0:54:34]} 24. Nb3
{[%clk 0:29:57]} e4 {[%clk 0:53:08]} 25. Nfd4 {[%clk 0:22:58]} c5
{[%clk 0:50:44]} 26. Nxc5 {[%clk 0:22:10]} Rxb2+ {[%clk 0:50:50]} 27. Kh1
{[%clk 0:21:23]} exd3 {[%clk 0:46:02]} 28. Qxd3 {[%clk 0:19:43]} Nc4
{[%clk 0:46:04]} 29. Re1 {[%clk 0:12:14]} Qd6 {[%clk 0:42:51]} 30. Ne4
{[%clk 0:03:53]} Rxe4 {[%clk 0:42:33]} 0-1

[Event "Ekstraliga 2019"]
[Site "Katowice"]
[Date "2019.09.04"]
[Round "8.8"]
[White "Bartel, Mateusz"]
[Black "Hracek, Zbynek"]
[Result "1/2-1/2"]
[BlackElo "2572"]
[WhiteElo "2612"]
[WhiteTeam "VOTUM SA Polonia Wroclaw"]
[BlackTeam "KSz Silesia Raciborz"]
[LiveChessVersion "1.4.8"]

1. d4 {[%clk 1:30:54]} d5 {[%clk 1:30:43]} 2. c4 {[%clk 1:31:16]} e6
{[%clk 1:31:11]} 3. Nc3 {[%clk 1:31:39]} Bb4 {[%clk 1:30:59]} 4. Nf3
{[%clk 1:31:49]} Nf6 {[%clk 1:31:24]} 5. Bg5 {[%clk 1:32:12]} h6 {[%clk 1:31:45]}
6. Bxf6 {[%clk 1:32:35]} Qxf6 {[%clk 1:32:09]} 7. Qa4+ {[%clk 1:32:55]} Nc6
{[%clk 1:32:35]} 8. e3 {[%clk 1:33:13]} O-O {[%clk 1:32:50]} 9. Be2
{[%clk 1:33:03]} dxc4 {[%clk 1:32:06]} 10. Bxc4 {[%clk 1:33:02]} e5
{[%clk 1:28:38]} 11. O-O {[%clk 1:29:50]} exd4 {[%clk 1:29:01]} 12. Nd5
{[%clk 1:29:15]} Qd6 {[%clk 1:29:24]} 13. Nxb4 {[%clk 1:27:39]} Qxb4
{[%clk 1:29:43]} 14. Qxb4 {[%clk 1:27:59]} Nxb4 {[%clk 1:30:09]} 15. Nxd4
{[%clk 1:28:13]} Bd7 {[%clk 1:29:51]} 16. Rfd1 {[%clk 1:23:04]} Rfd8
{[%clk 1:27:01]} 17. h3 {[%clk 1:12:55]} Kf8 {[%clk 1:19:36]} 18. a3
{[%clk 1:01:04]} Nc6 {[%clk 1:19:56]} 19. Nf3 {[%clk 1:01:31]} Be8
{[%clk 1:03:44]} 20. Bd5 {[%clk 0:55:43]} Rab8 {[%clk 1:01:24]} 21. b4
{[%clk 0:51:49]} Ne7 {[%clk 0:59:56]} 22. Be4 {[%clk 0:52:15]} c6
{[%clk 0:49:49]} 23. Rdc1 {[%clk 0:47:17]} f5 {[%clk 0:39:55]} 24. Bc2
{[%clk 0:46:55]} Bf7 {[%clk 0:40:02]} 25. g3 {[%clk 0:42:17]} g6 {[%clk 0:39:05]}
26. Nd4 {[%clk 0:42:30]} Kg7 {[%clk 0:37:12]} 27. Bd3 {[%clk 0:39:03]} Kf6
{[%clk 0:33:34]} 28. Rc5 {[%clk 0:34:07]} Rd5 {[%clk 0:32:05]} 29. Rc2
{[%clk 0:33:42]} Rd6 {[%clk 0:29:42]} 30. Rac1 {[%clk 0:33:39]} Rbd8
{[%clk 0:27:33]} 31. Kf1 {[%clk 0:31:59]} g5 {[%clk 0:25:20]} 32. b5
{[%clk 0:28:28]} cxb5 {[%clk 0:21:58]} 33. Bxb5 {[%clk 0:26:36]} 1/2-1/2

[Event "Ekstraliga 2019"]
[Site "Katowice"]
[Date "2019.09.04"]
[Round "8.9"]
[White "Markowski, Tomasz"]
[Black "Mastrovasilis, Dimitrios"]
[Result "0-1"]
[BlackElo "2594"]
[WhiteElo "2537"]
[WhiteTeam "KSz Silesia Raciborz"]
[BlackTeam "VOTUM SA Polonia Wroclaw"]
[LiveChessVersion "1.4.8"]

1. Nf3 {[%clk 1:30:57]} d5 {[%clk 1:30:51]} 2. c4 {[%clk 1:31:22]} c6
{[%clk 1:31:11]} 3. cxd5 {[%clk 1:31:35]} cxd5 {[%clk 1:31:31]} 4. d4
{[%clk 1:32:01]} Nc6 {[%clk 1:31:43]} 5. Nc3 {[%clk 1:32:25]} Nf6
{[%clk 1:32:04]} 6. Bf4 {[%clk 1:32:50]} a6 {[%clk 1:32:17]} 7. Rc1
{[%clk 1:33:15]} Ne4 {[%clk 1:32:26]} 8. e3 {[%clk 1:27:20]} Nxc3
{[%clk 1:32:28]} 9. bxc3 {[%clk 1:27:33]} Bf5 {[%clk 1:32:49]} 10. Bd3
{[%clk 1:26:32]} Bxd3 {[%clk 1:33:07]} 11. Qxd3 {[%clk 1:26:59]} e6
{[%clk 1:33:26]} 12. O-O {[%clk 1:27:19]} Na5 {[%clk 1:33:35]} 13. e4
{[%clk 1:25:32]} Rc8 {[%clk 1:30:50]} 14. Rfe1 {[%clk 1:25:22]} Be7
{[%clk 0:58:44]} 15. exd5 {[%clk 1:16:46]} Qxd5 {[%clk 0:58:23]} 16. Ne5
{[%clk 1:16:58]} b5 {[%clk 0:44:15]} 17. Qg3 {[%clk 1:11:05]} Bf6
{[%clk 0:42:45]} 18. Ng4 {[%clk 1:10:01]} Nc4 {[%clk 0:42:43]} 19. Re2
{[%clk 1:08:00]} Bg5 {[%clk 0:32:00]} 20. Bxg5 {[%clk 0:56:33]} Qxg5
{[%clk 0:32:17]} 21. f4 {[%clk 0:56:59]} Qg6 {[%clk 0:27:09]} 22. d5
{[%clk 0:55:02]} h5 {[%clk 0:25:13]} 23. Nf2 {[%clk 0:53:11]} Qxg3
{[%clk 0:25:20]} 24. hxg3 {[%clk 0:53:37]} Rh6 {[%clk 0:25:20]} 25. Rce1
{[%clk 0:48:46]} Kd7 {[%clk 0:23:28]} 26. Nd3 {[%clk 0:47:18]} Kd6
{[%clk 0:21:03]} 27. Nb4 {[%clk 0:40:46]} exd5 {[%clk 0:19:50]} 28. Nxa6
{[%clk 0:37:11]} Re6 {[%clk 0:18:44]} 29. Kf2 {[%clk 0:34:31]} Nb6
{[%clk 0:16:50]} 30. Rb2 {[%clk 0:26:46]} Rxc3 {[%clk 0:15:37]} 31. Rxe6+
{[%clk 0:24:31]} fxe6 {[%clk 0:15:53]} 32. Rxb5 {[%clk 0:24:57]} Rc2+
{[%clk 0:14:42]} 33. Kg1 {[%clk 0:19:16]} Rc1+ {[%clk 0:10:15]} 34. Kf2
{[%clk 0:19:11]} Rc2+ {[%clk 0:09:34]} 35. Kg1 {[%clk 0:19:39]} Nc4
{[%clk 0:08:45]} 36. Nb4 {[%clk 0:20:02]} Rd2 {[%clk 0:05:37]} 37. a4
{[%clk 0:20:10]} d4 {[%clk 0:04:33]} 38. Rxh5 {[%clk 0:16:31]} d3
{[%clk 0:03:01]} 39. Nxd3 {[%clk 0:16:15]} Rxd3 {[%clk 0:03:28]} 40. Rg5
{[%clk 0:46:41]} Ne3 {[%clk 0:30:36]} 41. Rxg7 {[%clk 0:45:49]} Rd2
{[%clk 0:29:26]} 42. Kh2 {[%clk 0:45:36]} Rxg2+ {[%clk 0:28:55]} 43. Kh3
{[%clk 0:46:02]} Rg1 {[%clk 0:28:07]} 44. Kh2 {[%clk 0:44:22]} Ra1
{[%clk 0:27:22]} 45. Rg8 {[%clk 0:44:06]} Kd5 {[%clk 0:25:07]} 46. Rb8
{[%clk 0:39:13]} Ke4 {[%clk 0:24:41]} 47. Rb2 {[%clk 0:37:26]} Kf3
{[%clk 0:20:05]} 48. Kh3 {[%clk 0:37:34]} Rh1+ {[%clk 0:18:48]} 0-1

[Event "Ekstraliga 2019"]
[Site "Katowice"]
[Date "2019.09.04"]
[Round "8.10"]
[White "Gumularz, Szymon"]
[Black "Nasuta, Grzegorz"]
[Result "1-0"]
[BlackElo "2533"]
[WhiteElo "2501"]
[WhiteTeam "VOTUM SA Polonia Wroclaw"]
[BlackTeam "KSz Silesia Raciborz"]
[LiveChessVersion "1.4.8"]

1. d4 {[%clk 1:30:47]} Nf6 {[%clk 1:30:41]} 2. c4 {[%clk 1:31:09]} g6
{[%clk 1:31:06]} 3. Nc3 {[%clk 1:29:39]} d5 {[%clk 1:31:28]} 4. cxd5
{[%clk 1:29:31]} Nxd5 {[%clk 1:31:52]} 5. e4 {[%clk 1:29:57]} Nxc3
{[%clk 1:32:14]} 6. bxc3 {[%clk 1:30:24]} Bg7 {[%clk 1:32:37]} 7. Qa4+
{[%clk 1:28:57]} Nd7 {[%clk 1:32:52]} 8. Nf3 {[%clk 1:29:20]} O-O
{[%clk 1:32:56]} 9. Qa3 {[%clk 1:28:33]} c5 {[%clk 1:33:10]} 10. Be2
{[%clk 1:28:51]} cxd4 {[%clk 1:33:30]} 11. cxd4 {[%clk 1:29:17]} Nb6
{[%clk 1:33:54]} 12. Bg5 {[%clk 1:21:16]} Re8 {[%clk 1:09:22]} 13. O-O
{[%clk 1:11:40]} Bg4 {[%clk 1:09:38]} 14. Rad1 {[%clk 1:11:48]} Qd6
{[%clk 1:08:22]} 15. Qe3 {[%clk 1:07:22]} Rac8 {[%clk 1:08:09]} 16. h3
{[%clk 0:37:45]} Be6 {[%clk 0:43:27]} 17. Bf4 {[%clk 0:26:37]} Qb4
{[%clk 0:42:46]} 18. d5 {[%clk 0:26:43]} Bd7 {[%clk 0:20:15]} 19. Be5
{[%clk 0:27:00]} Bxe5 {[%clk 0:19:35]} 20. Nxe5 {[%clk 0:26:28]} Ba4
{[%clk 0:20:00]} 21. Rd4 {[%clk 0:23:53]} Qb2 {[%clk 0:06:26]} 22. Nf3
{[%clk 0:13:45]} Kg7 {[%clk 0:03:49]} 23. e5 {[%clk 0:11:40]} Rc3
{[%clk 0:03:34]} 24. Bd3 {[%clk 0:11:24]} Bc2 {[%clk 0:00:50]} 25. Rh4
{[%clk 0:10:23]} h5 {[%clk 0:00:46]} 26. Rxh5 {[%clk 0:10:22]} gxh5
{[%clk 0:00:39]} 27. Qg5+ {[%clk 0:10:48]} Kf8 {[%clk 0:00:55]} 28. Qh6+
{[%clk 0:11:13]} 1-0

[Event "Ekstraliga 2019"]
[Site "Katowice"]
[Date "2019.09.04"]
[Round "8.11"]
[White "Jakubowski, Krzysztof"]
[Black "Tazbir, Marcin"]
[Result "1/2-1/2"]
[BlackElo "2521"]
[WhiteElo "2518"]
[WhiteTeam "KSz Silesia Raciborz"]
[BlackTeam "VOTUM SA Polonia Wroclaw"]
[LiveChessVersion "1.4.8"]

1. e4 {[%clk 1:30:53]} c6 {[%clk 1:30:56]} 2. Nf3 {[%clk 1:31:11]} d5
{[%clk 1:31:16]} 3. d3 {[%clk 1:31:34]} dxe4 {[%clk 1:28:06]} 4. dxe4
{[%clk 1:30:27]} Qxd1+ {[%clk 1:28:31]} 5. Kxd1 {[%clk 1:30:48]} Bg4
{[%clk 1:28:01]} 6. Be2 {[%clk 1:31:11]} Nd7 {[%clk 1:27:19]} 7. Nfd2
{[%clk 1:31:23]} Bxe2+ {[%clk 1:21:39]} 8. Kxe2 {[%clk 1:31:28]} g6
{[%clk 1:22:02]} 9. a4 {[%clk 1:31:28]} Bg7 {[%clk 1:20:44]} 10. a5
{[%clk 1:31:36]} Ngf6 {[%clk 1:18:31]} 11. f3 {[%clk 1:31:44]} Ne5
{[%clk 1:05:07]} 12. Nb3 {[%clk 1:13:26]} Nfd7 {[%clk 0:54:04]} 13. Ra4
{[%clk 1:03:36]} c5 {[%clk 0:33:07]} 14. Rd1 {[%clk 0:46:54]} O-O-O
{[%clk 0:24:46]} 15. Na3 {[%clk 0:41:44]} Nc6 {[%clk 0:20:49]} 16. c3
{[%clk 0:41:07]} b6 {[%clk 0:19:49]} 17. Bg5 {[%clk 0:38:07]} h6 {[%clk 0:17:36]}
18. Bh4 {[%clk 0:38:22]} Be5 {[%clk 0:11:40]} 19. Bg3 {[%clk 0:34:08]} Bxg3
{[%clk 0:11:15]} 20. hxg3 {[%clk 0:34:34]} Nde5 {[%clk 0:11:01]} 21. Ra1
{[%clk 0:34:10]} Kb7 {[%clk 0:10:30]} 22. axb6 {[%clk 0:28:31]} axb6
{[%clk 0:10:31]} 23. f4 {[%clk 0:28:52]} Nd7 {[%clk 0:09:33]} 24. Nc4
{[%clk 0:27:22]} Ra8 {[%clk 0:08:03]} 25. Rxa8 {[%clk 0:26:46]} Rxa8
{[%clk 0:08:28]} 26. Rxa8 {[%clk 0:27:03]} Kxa8 {[%clk 0:08:56]} 27. Ne3
{[%clk 0:26:49]} Kb7 {[%clk 0:08:29]} 28. Nd2 {[%clk 0:27:12]} b5
{[%clk 0:04:38]} 29. e5 {[%clk 0:20:58]} f6 {[%clk 0:03:55]} 30. exf6
{[%clk 0:19:56]} exf6 {[%clk 0:01:40]} 31. Ne4 {[%clk 0:18:09]} Ne7
{[%clk 0:01:28]} 32. g4 {[%clk 0:17:53]} Kc6 {[%clk 0:01:00]} 33. g3
{[%clk 0:14:39]} Nd5 {[%clk 0:00:51]} 34. Ng2 {[%clk 0:14:30]} g5
{[%clk 0:00:42]} 35. Kf3 {[%clk 0:14:10]} c4 {[%clk 0:00:50]} 36. Ne1
{[%clk 0:12:43]} N7b6 {[%clk 0:00:48]} 37. Nc2 {[%clk 0:13:10]} Na4
{[%clk 0:00:56]} 38. Nd4+ {[%clk 0:13:34]} Kb6 {[%clk 0:01:21]} 39. Nd6
{[%clk 0:07:00]} Nxb2 {[%clk 0:01:34]} 40. N6xb5 {[%clk 0:37:23]} Na4
{[%clk 0:31:05]} 41. Ke4 1/2-1/2

[Event "Ekstraliga 2019"]
[Site "Katowice"]
[Date "2019.09.04"]
[Round "8.12"]
[White "Zawadzka, Jolanta"]
[Black "Buksa, Nataliya"]
[Result "1/2-1/2"]
[BlackElo "2406"]
[WhiteElo "2407"]
[WhiteTeam "VOTUM SA Polonia Wroclaw"]
[BlackTeam "KSz Silesia Raciborz"]
[LiveChessVersion "1.4.8"]

1. e4 {[%clk 1:30:50]} c5 {[%clk 1:30:52]} 2. Nf3 {[%clk 1:31:05]} Nc6
{[%clk 1:31:18]} 3. d4 {[%clk 1:31:30]} cxd4 {[%clk 1:31:44]} 4. Nxd4
{[%clk 1:31:56]} Nf6 {[%clk 1:31:57]} 5. Nc3 {[%clk 1:32:20]} e5 {[%clk 1:32:24]}
6. Ndb5 {[%clk 1:32:42]} d6 {[%clk 1:32:50]} 7. Bg5 {[%clk 1:32:36]} a6
{[%clk 1:33:16]} 8. Na3 {[%clk 1:33:01]} b5 {[%clk 1:33:43]} 9. Bxf6
{[%clk 1:33:04]} gxf6 {[%clk 1:34:09]} 10. Nd5 {[%clk 1:33:23]} f5
{[%clk 1:34:35]} 11. Bd3 {[%clk 1:33:23]} Be6 {[%clk 1:35:01]} 12. O-O
{[%clk 1:33:21]} Bxd5 {[%clk 1:34:57]} 13. exd5 {[%clk 1:33:45]} Ne7
{[%clk 1:35:25]} 14. Re1 {[%clk 1:33:28]} Bg7 {[%clk 1:35:47]} 15. c3
{[%clk 1:32:58]} O-O {[%clk 1:36:11]} 16. Qh5 {[%clk 1:32:36]} e4
{[%clk 1:36:37]} 17. Bf1 {[%clk 1:32:42]} Re8 {[%clk 1:37:03]} 18. Nc2
{[%clk 1:32:12]} Nxd5 {[%clk 1:33:52]} 19. Qxf5 {[%clk 1:30:59]} Re5
{[%clk 1:34:18]} 20. Qh3 {[%clk 1:31:02]} Qb6 {[%clk 1:33:09]} 21. Rad1
{[%clk 1:31:03]} Rae8 {[%clk 1:33:35]} 22. Rxe4 {[%clk 1:14:49]} Rxe4
{[%clk 1:33:58]} 23. Rxd5 {[%clk 1:15:16]} R4e5 {[%clk 1:18:20]} 24. Rd3
{[%clk 1:14:14]} Rg5 {[%clk 0:53:07]} 25. Ne3 {[%clk 1:08:29]} Qc5
{[%clk 0:47:44]} 26. Qf3 {[%clk 0:57:06]} b4 {[%clk 0:44:27]} 27. cxb4
{[%clk 0:46:00]} Qxb4 {[%clk 0:43:49]} 28. b3 {[%clk 0:45:27]} Rge5
{[%clk 0:35:32]} 29. g3 {[%clk 0:37:31]} a5 {[%clk 0:31:29]} 30. Nf5
{[%clk 0:29:30]} d5 {[%clk 0:31:10]} 31. Nxg7 {[%clk 0:23:13]} Kxg7
{[%clk 0:31:36]} 32. Rxd5 {[%clk 0:22:34]} Rxd5 {[%clk 0:21:30]} 33. Qxd5
{[%clk 0:22:25]} Re6 {[%clk 0:21:53]} 34. Bd3 {[%clk 0:18:54]} h6
{[%clk 0:21:54]} 35. h4 {[%clk 0:16:36]} Qc3 {[%clk 0:20:53]} 36. Kg2
{[%clk 0:11:19]} Qd2 {[%clk 0:04:19]} 37. Qd4+ {[%clk 0:08:24]} Kf8
{[%clk 0:04:35]} 38. a3 {[%clk 0:06:40]} Re1 {[%clk 0:03:33]} 39. b4
{[%clk 0:04:23]} Qd1 {[%clk 0:02:56]} 40. Qd8+ {[%clk 0:32:47]} Kg7
{[%clk 0:33:19]} 41. Qd4+ {[%clk 0:33:10]} Kf8 {[%clk 0:29:57]} 42. Qd5
{[%clk 0:25:30]} axb4 {[%clk 0:26:57]} 43. axb4 {[%clk 0:25:35]} Qd2
{[%clk 0:27:23]} 44. b5 {[%clk 0:23:55]} Rd1 {[%clk 0:27:22]} 45. Qc5+
{[%clk 0:23:50]} Kg8 {[%clk 0:26:49]} 46. Qc8+ {[%clk 0:22:59]} Kg7
{[%clk 0:27:16]} 47. Qg4+ {[%clk 0:22:58]} Kf8 {[%clk 0:27:42]} 48. Be2
{[%clk 0:11:18]} Rb1 {[%clk 0:24:29]} 49. Qc8+ {[%clk 0:09:41]} Kg7
{[%clk 0:24:54]} 50. Qg4+ {[%clk 0:10:07]} Kf8 {[%clk 0:25:22]} 51. Qc8+
{[%clk 0:09:46]} Kg7 {[%clk 0:25:47]} 52. Qg4+ {[%clk 0:10:01]} 1/2-1/2

[Event "Ekstraliga 2019"]
[Site "Katowice"]
[Date "2019.09.04"]
[Round "8.13"]
[White "Kempinski, Robert"]
[Black "Piorun, Kacper"]
[Result "1-0"]
[BlackElo "2660"]
[WhiteElo "2579"]
[WhiteTeam "KSz Miedz Legnica"]
[BlackTeam "KSz Stilon Gorzow"]
[LiveChessVersion "1.4.8"]

1. d4 {[%clk 1:30:56]} f5 {[%clk 1:30:55]} 2. c4 {[%clk 1:31:02]} Nf6
{[%clk 1:31:20]} 3. Nf3 {[%clk 1:31:16]} g6 {[%clk 1:31:45]} 4. e3
{[%clk 1:31:07]} Bg7 {[%clk 1:31:57]} 5. b4 {[%clk 1:29:30]} O-O {[%clk 1:30:34]}
6. Be2 {[%clk 1:29:28]} d6 {[%clk 1:27:22]} 7. Bb2 {[%clk 1:29:22]} e6
{[%clk 1:27:03]} 8. Nc3 {[%clk 1:29:00]} Qe7 {[%clk 1:27:11]} 9. Qb3
{[%clk 1:28:14]} Kh8 {[%clk 1:18:33]} 10. O-O {[%clk 1:26:49]} b6
{[%clk 1:10:37]} 11. a4 {[%clk 1:23:43]} a5 {[%clk 1:10:53]} 12. bxa5
{[%clk 1:23:09]} bxa5 {[%clk 1:11:13]} 13. Ba3 {[%clk 1:20:34]} c5
{[%clk 1:02:59]} 14. dxc5 {[%clk 1:04:09]} dxc5 {[%clk 1:03:10]} 15. Ne5
{[%clk 1:00:26]} Nfd7 {[%clk 0:57:52]} 16. Nxd7 {[%clk 0:54:52]} Nxd7
{[%clk 0:56:33]} 17. Rad1 {[%clk 0:52:39]} Rb8 {[%clk 0:49:04]} 18. Nb5
{[%clk 0:52:17]} Bb7 {[%clk 0:49:17]} 19. Rd6 {[%clk 0:48:32]} Rfc8
{[%clk 0:22:11]} 20. Rfd1 {[%clk 0:41:48]} Qg5 {[%clk 0:19:03]} 21. g3
{[%clk 0:39:19]} Nf8 {[%clk 0:15:50]} 22. Rb6 {[%clk 0:36:49]} Ba8
{[%clk 0:13:11]} 23. Nd6 {[%clk 0:33:59]} 1-0